Central Library OPAC University of Rajshahi

Health for modern living / (Record no. 67110)

MARC details
000 -LEADER
fixed length control field 00815nam a2200265 a 4500
001 - CONTROL NUMBER
control field 67110
003 - CONTROL NUMBER IDENTIFIER
rucl marc code BD-RjUL
005 - DATE AND TIME OF LATEST TRANSACTION
control field 20211209081621.0
008 - FIXED-LENGTH DATA ELEMENTS--GENERAL INFORMATION
fixed length control field 170322s19651957cli j 001 0 eng
035 ## - SYSTEM CONTROL NUMBER
System control number (BD-RjUL)67241
040 ## - CATALOGING SOURCE
Original cataloging agency DLC
Transcribing agency DNLM
Modifying agency FMU
-- OCoLC
-- DLC
-- BD-RjUL
Language of cataloging eng
041 ## - LANGUAGE CODE
Language code of text/sound track or separate title eng
060 00 - NATIONAL LIBRARY OF MEDICINE CALL NUMBER
Classification number QT 210
Item number K48h 1965
082 ## - DEWEY DECIMAL CLASSIFICATION NUMBER
Classification number 613
Edition number 23
Author mark and year KIH 1965
100 1# - MAIN ENTRY--PERSONAL NAME
Personal name Kilander, Holger Frederick,
Dates associated with a name 1900-1968.
9 (RLIN) 198797
245 10 - TITLE STATEMENT
Title Health for modern living /
Statement of responsibility, etc. Holger Frederick Kilander
250 ## - EDITION STATEMENT
Edition statement 2d ed.
260 ## - PUBLICATION, DISTRIBUTION, ETC. (IMPRINT)
Place of publication, distribution, etc. Englewood Cliffs, N.J.,
Name of publisher, distributor, etc. Prentice-Hall
Date of publication, distribution, etc. c1965
300 ## - PHYSICAL DESCRIPTION
Pagination xv, 400 p. :
Illustrations ill. ;
Size 19 cm.
520 ## - SUMMARY, ETC.
Summary, etc. For students in their first or second year in college.
650 #0 - SUBJECT ADDED ENTRY--TOPICAL TERM
Topical term or geographic name as entry element Hygiene.
9 (RLIN) 198798
Topical term or geographic name as entry element Public health.
9 (RLIN) 198799
942 ## - ADDED ENTRY ELEMENTS (KOHA)
Source of classification or shelving scheme Dewey Decimal Classification
Koha item type Books
Holdings
Lost status Source of classification or shelving scheme Damaged status Not for loan Collection code Permanent Location Current Location Shelving location Date acquired Source of acquisition Cost, normal purchase price Total Checkouts Full call number Date last seen Copy number Koha item type
  Dewey Decimal Classification   Not For Loan Non-fiction Central Library, University of Rajshahi Central Library, University of Rajshahi Reading Room 19/10/1970 Zeithinger 74.00   613 KIH 1965 22/03/2017 C-1 Books